000
00250nam a2200097Ia 4500
001
1211211
005
20250827024432.0
008
250824s9999 xx 000 0 und d
245
0
_a
AĞRININ DERİNLİĞİ
_c
ECE TEMELKURAN
260
_b
EVEREST YAYINLARI
999
_c
1211211
_d
1211211